| 000 | 00572cam a22001931 4500 | ||
|---|---|---|---|
| 999 |
_c11512 _d11512 |
||
| 005 | 20230703153846.0 | ||
| 008 | 711012s1966 nyua b 000 0 eng | ||
| 020 | _a9780385084765 | ||
| 082 | 0 | 0 |
_a301.3 _bHAL |
| 100 | 1 |
_aHall, Edward T. _q(Edward Twitchell), _d1914-2009. |
|
| 245 | 1 | 4 |
_aThe hidden dimension _c[by] Edward T. Hall. |
| 250 | _a[1st ed.] | ||
| 260 |
_aGarden City, N.Y., _bDoubleday, _c1966. |
||
| 300 |
_axii, 201 p. _billus. _c25 cm. |
||
| 504 | _aBibliography: p. [183]-193. | ||
| 650 | 0 | _aSpace perception. | |
| 650 | 0 | _aSpace and time. | |
| 942 | _2ddc | ||